Online
Catalog

Diploma 5 : (Record no. 52234)

MARC details
000 -CABECERA
campo de control de longitud fija 00847nam a22002537a 4500
003 - IDENTIFICADOR DEL NÚMERO DE CONTROL
campo de control DO-SdBNP
005 - FECHA Y HORA DE LA ÚLTIMA TRANSACCIÓN
campo de control 20220727121233.0
007 - CAMPO FIJO DE DESCRIPCIÓN FÍSICA--INFORMACIÓN GENERAL
campo de control de longitud fija ta
008 - DATOS DE LONGITUD FIJA--INFORMACIÓN GENERAL
campo de control de longitud fija 220726b1971 |||||||| |p|| 00| 0 spa d
040 ## - FUENTE DE LA CATALOGACIÓN
Centro catalogador/agencia de origen DO-SdBNP
Lengua de catalogación spa
Centro/agencia transcriptor BNPHU
082 4# - NÚMERO DE LA CLASIFICACIÓN DECIMAL DEWEY
Número de edición 22
Número de clasificación 507
Número de documento/Ítem T266d
100 10 - ENTRADA PRINCIPAL--NOMBRE DE PERSONA
Nombre de persona Tejada, Ramón
9 (RLIN) 46319
245 10 - MENCIÓN DE TÍTULO
Título Diploma 5 :
Resto del título texto de unidades didácticas ; Ciencias Naturales /
Mención de responsabilidad, etc. RamónTejada, Yolanda Pereira de Inoa y Luis J. Bourget ;
260 ## - PUBLICACIÓN, DISTRIBUCIÓN, ETC.
Lugar de publicación, distribución, etc. Madrid :
Nombre del editor, distribuidor, etc. Santillana,
Fecha de publicación, distribución, etc. 1971.
300 ## - DESCRIPCIÓN FÍSICA
Extensión 370 p.:
Otras características físicas il.; retr.; map.;gráf.
Dimensiones 26 cm
490 ## - MENCIÓN DE SERIE
Mención de serie El árbol alegre
500 ## - NOTA GENERAL
Nota general Libro de texto para el nivel primario.
590 ## - NOTA LOCAL (RLIN)
Nota local Inventariado, 2022 / SA
650 40 - PUNTO DE ACCESO ADICIONAL DE MATERIA--TÉRMINO DE MATERIA
9 (RLIN) 25754
Término de materia o nombre geográfico como elemento de entrada Ciencias Naturales
Subdivisión general Enseñanzas
700 1# - PUNTO DE ACCESO ADICIONAL--NOMBRE DE PERSONA
Nombre de persona Pereira de Inoa ,Yolanda
9 (RLIN) 82096
700 1# - PUNTO DE ACCESO ADICIONAL--NOMBRE DE PERSONA
Nombre de persona Bourget, Luis J.
9 (RLIN) 82097
910 ## - DATOS DE OPCIÓN DEL USUARIO (OCLC)
Datos de opción del usuario Saquino
942 ## - ELEMENTOS DE PUNTO DE ACCESO ADICIONAL (KOHA)
Fuente del sistema de clasificación o colocación Dewey Decimal Classification
Tipo de ítem Koha Libro
Holdings
Estado de retiro Estado de pérdida Fuente del sistema de clasificación o colocación Restricciones de uso No para préstamo Código de colección Localización permanente Ubicación/localización actual Ubicación en estantería Fecha de adquisición Fuente de adquisición Signatura topográfica completa Código de barras Fecha visto por última vez Precio válido a partir de Tipo de ítem Koha
    Dewey Decimal Classification Préstamo restringido   Infantojuvenil Patrimonio Dominicano Biblioteca Nacional Pedro Henríquez Ureña Biblioteca Nacional Pedro Henríquez Ureña En catalogación 03.07.2014 Donado BNPHU GR 507 T266d 5to. Primaria 2022-3565 26.07.2022 26.07.2022 Libro

Powered by Koha